Leaching and availability of potassium in soil affected by conventional and coated fertilizer sources (Registro n. 337991)
[ somente texto ]
| 000 -LÍDER | |
|---|---|
| fixed length control field | 03981nab a2200325 i 4500 |
| 003 - CÓDIGO MARC DA AGÊNCIA CATALOGADORA | |
| Campo de controle | BR-BrBNA |
| 005 - DATA E HORA DA ÚLTIMA ATUALIZAÇÃO | |
| Campo de controle | 20250904161610.0 |
| 008 - CAMPO DE TAMANHO FIXO | |
| fixed length control field | 250904b2022 bl.mr|pooa||| 00| 0 eng | |
| 040 ## - FONTE DA CATALOGAÇÃO | |
| Agência catalogadora | BR-BrBNA |
| Idioma da catalogação | eng |
| 072 ## - CATEGORIA AGRIS | |
| Código AGRIS | P35 |
| 072 ## - CATEGORIA AGRIS | |
| Código AGRIS | P33 |
| 100 ## - ENTRADA PRINCIPAL - NOME PESSOAL | |
| Nome pessoal | Ribeiro, Bruno N. |
| 100 ## - ENTRADA PRINCIPAL - NOME PESSOAL | |
| Nome pessoal | Coelho, Anderson P. |
| 100 ## - ENTRADA PRINCIPAL - NOME PESSOAL | |
| Nome pessoal | Souza, Juscelio R. de |
| 100 ## - ENTRADA PRINCIPAL - NOME PESSOAL | |
| Nome pessoal | Gissi, Luciano de |
| 100 ## - ENTRADA PRINCIPAL - NOME PESSOAL | |
| Nome pessoal | Lemos, Leandro B. |
| 245 ## - TÍTULO PRINCIPAL | |
| Título principal | Leaching and availability of potassium in soil affected by conventional and coated fertilizer sources |
| 500 ## - NOTA GERAL | |
| Nota geral | Publicação on-line; 23 ref.; Sumaries (En, Pt) |
| 942 ## - ADDED ENTRY ELEMENTS (KOHA) | |
| Koha item type | Analítica |
| 520 ## - NOTA DE RESUMO | |
| Nota de conteúdo | <br/><br/>ABSTRACT: The use of coated fertilizers is a strategy for improving fertilization efficiency and crop yield. However, further studies are needed to understand the dynamics of different types of coated K fertilizers in the soil. The objective of this study was to evaluate K dynamics in soil columns after the application of conventional KCl and other K sources with coating (KCl-C) and compaction (KCl-CC) combined with the use of additives and polymers. The experiment comprised four treatments, consisting of three sources of K [conventional KCl, KCl coated with additives and polymers (KCl-C), and KCl compacted and coated with additives and polymers (KCl-CC)], and a control without K application, with four repetitions. The K concentration was evaluated in the leached solution collected from the soil columns for 28 days. After this period, the K concentration in the soil was determined. The absence of K fertilization in the soil led to a 26.5% reduction in the K concentration. The coated sources had lower granule hardness and higher K leaching than conventional KCl. The amounts of K leached were 62.2%, 68.5%, and 54.0% for KCl-CC, KCl-C, and conventional KCl, respectively. However, at the end of the experiment, the soil K concentration was higher under the KCl-C treatment.<br/><br/>Key words: potassium fertilizers, potassium fertilization, potassium chloride, polymers |
| 520 ## - NOTA DE RESUMO | |
| Nota de conteúdo | <br/><br/>RESUMO: O uso de fertilizantes revestidos é uma estratégia para melhorar a eficiência da adubação e o rendimento das culturas. No entanto, são necessários estudos para entender a dinâmica no solo dos diferentes tipos de fertilizantes potássicos (K) revestidos. Objetivou-se avaliar a lixiviação, disponibilidade e recuperação de K em colunas de solo após aplicação de fonte convencional KCl e outras fontes de K com tecnologias de revestimento e compactação. O experimento compreendeu quatro tratamentos, constituídos por três fontes de K (KCl convencional; KCl revestido com aditivos e polímeros - KCl-C; e KCl compactado e revestido com aditivos e polímeros - KCl-CC), e um controle sem adubação, com quatro repetições. Os teores de K foram avaliados na solução lixiviada das colunas de solo por 28 dias. Após esse período, foram determinados os teores de K no solo. A ausência de adubação no solo levou a uma redução de 26,5% nos teores de K. As fontes revestidas apresentaram menor dureza de grânulos e maior lixiviação de K em relação ao KCl convencional. A quantidade de K lixiviada foi de 62,2% para KCl-CC, 68,5% para KCl-C e 54,0% para KCl convencional. No entanto, ao final do experimento, os teores de K no solo foram maiores para a fonte KCl-C. <br/><br/>Palavras-chave: fertilizantes potássicos, adubação potássica, cloreto de potássio, polímeros |
| 650 ## - ASSUNTO - THESAGRO | |
| Cabeçalho tópico ou nome geográfico | ANÁLISE DO SOLO |
| 650 ## - ASSUNTO - THESAGRO | |
| Cabeçalho tópico ou nome geográfico | ADUBAÇÃO |
| 650 ## - ASSUNTO - THESAGRO | |
| Cabeçalho tópico ou nome geográfico | POTÁSSIO |
| 650 ## - ASSUNTO - THESAGRO | |
| Cabeçalho tópico ou nome geográfico | LIXIVIAÇÃO |
| 650 ## - ASSUNTO - THESAGRO | |
| Cabeçalho tópico ou nome geográfico | FERTILIDADE DO SOLO |
| 773 0# - ENTRADA ANALÍTICA | |
| Host Biblionumber | 3534 |
| Registro do item | 317828 |
| Imprenta | Campina Grande-PB Universidade Federal de Campina Grande. Centro de Ciências e Tecnologia 1997 |
| Outro identificador | 2024-4547 |
| Título | Revista Brasileira de Engenharia Agrícola e Ambiental (Brazil) |
| ISSN | 1415-4366 |
| Colação | v. 26 (12) p. 924-929; (2022) |
| Número de controle de registro | BR2025003562 |
| 856 ## - ACESSO E ENDEREÇO ELETRÔNICO | |
| Identificador uniforme de recurso - URI | https://www.scielo.br/j/rbeaa/a/54PdR4bqCY8gfdwWrbTPp7n/?format=pdf&lang=en |
Nenhum exemplar disponível.

BINAGRI